00633nam a22002177a 4500003000500000005001700005008004100022010001000063011001000073035001000083040000900093100003400102245007500136260003500211300001000246490003600256650002600292700003300318700002800351830003600379CHAP20220329140352.0971013s1976 r 00010 d a50996 a51968 a56118 cCHAP00aRodríguez Peña, Manuel A. aAlgunos conceptos básicos en la cubicación de fustes y trocerías aMéxico, D. F. :bINIF,c1976 a21 p. aINIF. Boletín técnicov; 5314aMaderaxCubicación.0 aGarcía Arellano, Dédalo.0 aManzanilla Bolio, Hugo.0 aINIF. Boletín técnicov; 53